000 00601nam a2200217Ia 4500
003 OSt
005 20220923230811.0
006 a|||||r|||| 00| 0
007 ta
008 Pun
024 _a305,650
037 _cTextual
040 _aARTS
_cARTS
_bPun
041 _2Pun
_aPun
082 _aQ8441z7, 153L7
100 _aਦਰFਨ ਸਿੰਘ
245 0 _aਸਾਂਝੀਵਾਲਤਾ ਦਾ ਅਵਤਾਰ - ਗੁਰੂ ਨਾਨਕ ਤੇ ਹੋਰ ਲੇਖ
260 _c1977
942 _hQ8441z7, 153L7
_cTEXL
_2CC
999 _c387440
_d387440